000 00593nam a2200205 i 4500
001 70926
003 ES-MaACL
005 20250802231423.0
007 t|
008 040804s1916 it ||||1| ita d
100 1 _aGaruffa, Egidio.
_955797
245 1 2 _aL'aviazione
_b: aroplani, idrovolanti, eliche /
_cEgidio Garuffa.
260 _aMilano :
_bUlrico Hoepli,
_c1916 (
_fTip. Sociale)
300 _aXX, 630 p. ;
_c15 cm.
490 1 _aManuali Hoepli
650 0 7 _aAeronáutica
_2embne
_99657
830 0 _aManuali Hoepli
_9180782
852 _aES-MaACL
_jD-3590
999 _c70926
_d70926